| 000 | 00658 a2200169 4500 | ||
|---|---|---|---|
| 003 | Nust | ||
| 005 | 20221219124054.0 | ||
| 040 | _cNust | ||
| 082 | _a621.384,FIN | ||
| 245 |
_aFinal acts : _bof the extraordinay adminstrative radio conference to allocate frequency / |
||
| 260 |
_aInternational Telecommunication Union _bGeneva _c1963 |
||
| 300 |
_a221 p _billus _c23 cm |
||
| 505 | _aPartial Revision of the Radio Regulations, Geneva 1959 (Page-1), Additional Protocol (Page-155), Resolutions (Page-167), Recommendations (Page-177). | ||
| 600 |
_aInternational Telecommunication Union _9105193 |
||
| 650 | _aTelecommunication engineering | ||
| 942 |
_2ddc _cBK |
||
| 999 |
_c182967 _d182967 |
||